[Event "Bekasi Scua op 1st"]
[Site "Bekasi"]
[Date "2022.01.16"]
[Round "9"]
[White "Marrhuimawan, Maximiliano"]
[Black "Fabian, Lumentut"]
[Result "1-0"]
[WhiteElo "1510"]
[BlackElo "1961"]
[PlyCount "67"]
[EventDate "2022.01.12"]
[EventType "swiss"]
[EventRounds "9"]
[EventCountry "INA"]
[SourceTitle "CBM 206 Extra"]
[Source "ChessBase"]
[SourceDate "2022.03.31"]
[SourceVersion "1"]
[SourceVersionDate "2022.03.31"]
[SourceQuality "1"]

1. e4 c5 2. Nf3 g6 3. d4 Bg7 4. Nc3 cxd4 5. Nxd4 Nc6 6. Be3 d6 7. Qd2 Bd7 8. 0-0-0 h5 9. h3 Nf6 10. f4 h4 11. Be2 Nh5 12. Bxh5 Rxh5 13. Nd5 e6 14. Nc3 Nxd4 15. Bxd4 e5 16. fxe5 Bh6 17. Be3 Bxe3 18. Qxe3 dxe5 19. Nd5 Kf8 20. Kb1 Kg7 21. Rhf1 Be6 22. Nf6 Qxd1+ 23. Rxd1 Kxf6 24. Rf1+ Kg7 25. Qf2 f5 26. Qc5 Kf6 27. Qd6 Rh7 28. exf5 gxf5 29. Re1 e4 30. Qd4+ Kg6 31. Qd6 Re8 32. g4 hxg3 33. Qxg3+ Kh5 34. Rf1 1-0

[Event "Bekasi Scua op 1st"]
[Site "Bekasi"]
[Date "2022.01.14"]
[Round "4"]
[White "Fabian, Lumentut"]
[Black "Aulia, Naufal Aiz Dhafin"]
[Result "1-0"]
[WhiteElo "1961"]
[BlackElo "1734"]
[PlyCount "75"]
[EventDate "2022.01.12"]
[EventType "swiss"]
[EventRounds "9"]
[EventCountry "INA"]
[SourceTitle "CBM 206 Extra"]
[Source "ChessBase"]
[SourceDate "2022.03.31"]
[SourceVersion "1"]
[SourceVersionDate "2022.03.31"]
[SourceQuality "1"]

1. Nf3 Nf6 2. g3 g6 3. Bg2 Bg7 4. c4 0-0 5. d4 d6 6. Nc3 c5 7. 0-0 cxd4 8. Nxd4 Qc7 9. b3 Nc6 10. Bb2 a6 11. Rc1 Nxd4 12. Qxd4 Be6 13. Qd2 Qd7 14. Rfd1 Bh3 15. Bh1 Rac8 16. Rc2 b5 17. Nd5 Nxd5 18. Bxg7 Kxg7 19. Qxd5 bxc4 20. Rxc4 Be6 21. Qd4+ f6 22. Rc3 Rxc3 23. Qxc3 Rc8 24. Qd3 Qb5 25. Qe3 Kf7 26. h4 Rc2 27. Rd2 Rxd2 28. Qxd2 a5 29. Be4 a4 30. Bd3 Qc6 31. b4 Qd5 32. b5 Qxa2 33. Qxa2 Bxa2 34. b6 Bd5 35. Bc4 Bxc4 36. b7 a3 37. b8Q a2 38. Qb2 1-0

[Event "Jakarta op"]
[Site "Jakarta"]
[Date "2018.07.03"]
[Round "8"]
[White "Tarimo, Didik Widiarso"]
[Black "Fabian, Lumentut"]
[Result "1-0"]
[WhiteElo "1747"]
[BlackElo "2173"]
[PlyCount "86"]
[EventDate "2018.06.29"]
[EventType "swiss"]
[EventRounds "9"]
[EventCountry "INA"]
[SourceTitle "CBM 185 Extra"]
[Source "ChessBase"]
[SourceDate "2018.07.29"]
[SourceVersion "1"]
[SourceVersionDate "2018.07.29"]
[SourceQuality "1"]

1. f4 Nf6 2. Nf3 g6 3. g3 Bg7 4. Bg2 0-0 5. 0-0 c5 6. Na3 Nc6 7. h3 d5 8. c4 d4 9. d3 h5 10. e3 dxe3 11. Bxe3 Bf5 12. Ne1 Nd4 13. Nac2 Nxc2 14. Qxc2 Nd7 15. Rd1 Qc7 16. Qe2 Nf6 17. Nf3 Rad8 18. Nh4 Bc8 19. b3 Nh7 20. Qf2 b6 21. Kh2 e5 22. fxe5 Bxe5 23. Bf4 g5 24. Bxe5 Qxe5 25. Nf3 Qc7 26. h4 Nf6 27. Ne5 Nh7 28. Nf3 f6 29. d4 cxd4 30. Nxd4 gxh4 31. Qf4 hxg3+ 32. Kxg3 Qxf4+ 33. Rxf4 Bg4 34. Rdf1 Kh8 35. Bf3 Rg8 36. Rh1 Rd7 37. Rh4 Rg6 38. Bxg4 hxg4 39. Rhxg4 Rxg4+ 40. Kxg4 Kg7 41. c5 bxc5 42. Ne6+ Kg6 43. Nxc5 Ng5 1-0